000 00265nam a2200109Ia 4500
008 190216s9999||||xx |||||||||||||| ||und||
100 _aTuli&Amp;Soni P L
245 0 _aInorganic And Analytical Chemistry
260 _bS Chand & Co
650 _aChemistry
942 _cBK
999 _c2037
_d2037